| 000 | 00583nam a2200181 i 4500 | ||
|---|---|---|---|
| 001 | 85282 | ||
| 003 | ES-MaACL | ||
| 005 | 20230906175220.0 | ||
| 007 | t| | ||
| 008 | 041126s1968 sp ||||1| spa d | ||
| 100 | 1 |
_aJordan, Henry H. _966910 |
|
| 245 | 1 | 0 |
_aPrótesis ortopédicas _b: principios y práctica para la construcción de sujeciones / _cpor Henry H. Jordan ; versión A. Jornet. |
| 250 | _a[1ª ed.]. | ||
| 260 |
_aBarcelona : _bJims, _c[1968] |
||
| 300 |
_aXII, 297 p., 2 lám. ; _c22 cm. |
||
| 700 | 1 |
_aJornet Cases, A. _966960 |
|
| 852 |
_aES-MaACL _jC-35541 _bR.68493 |
||
| 999 |
_c85282 _d85282 |
||